000 00351cam a2200145 4500
082 _a658.8 HAN
100 1 _aHansen, Harry L.,
245 1 0 _aMarketing: text, cases, and readings.
250 _aRev. ed.
260 _aHomewood, Ill.,
_bR.D. Irwin,
_c1956
300 _a940 p.
_billus.
650 0 _aMarketing.
650 7 _aMercadologia
942 _cBK
999 _c16839
_d16839